书目信息 |
| 书名: | Linguistics | |
| 作者: | Andrew Radford ... [et al.]著 ; 周流溪导读. | |
| 分册号: | ||
| 分册名: | 出版地: | 北京 : |
|
| 出版社: | 外语教学与研究出版社 | |
| 出版时间: | 2000. | |
| 页数: | 31, 443 p. : | |
| 开本: | 23 cm. | |
| 丛书名: | 当代国外语言学与应用语言学文库 | |
| 中图分类号: | ||
| 科图分类号: | ||
| 其他分类号: | H0-43 | |
| 主题词: | ||
| 电子资源: | ||
| 000 | 01932nam a2200757 a 45 | |
| 001 | E0732585583 | |
| 003 | CAL | |
| 005 | 20070819090457.56 | |
| 008 | 980904r20001999cc a b 001 0 eng d | |
| 020 | @a7560020089 :@cCNY38.90. | |
| 040 | @aECNU@cECN@dDUTL | |
| 050 | 4 | @aP121@b.L528 1999 |
| 082 | 04 | @a410@221 |
| 090 | @aH0-43 | |
| 093 | @aH0-43@24 | |
| 094 | @a41.1@23 | |
| 099 | @dH0-43@ex145 | |
| 245 | 00 | @aLinguistics :@ban introduction = 语言学教程 / @cAndrew Radford ... [et al.]著 ; 周流溪导读. |
| 246 | 31 | @a语言学教程 |
| 260 | @a北京 :@b外语教学与研究出版社 :@b剑桥大学出版社,@c2000. | |
| 300 | @a31, 443 p. :@bill. ;@c23 cm. | |
| 440 | 0 | @a当代国外语言学与应用语言学文库 |
| 504 | @aIncludes bibliographical references (p. 424-428) and index. | |
| 534 | @aOriginally published: Cambridge :@cCambridge University Press, 1999. | |
| 650 | 0 | @aLinguistics. |
| 700 | 1 | @aRadford, Andrew. |
| 920 | @a211010@z1 | |
| 920 | @a244050@z2 | |
| 920 | @a242020@z1 | |
| 920 | @a231010@z1 | |
| 920 | @a243160@z1 | |
| 920 | @a211030@z2 | |
| 920 | @a242250@z1 | |
| 920 | @a231220@z2 | |
| 920 | @a232010@z1 | |
| 920 | @a214010@z2 | |
| 920 | @a223010@z1 | |
| 920 | @a212010@z2 | |
| 920 | @a211410@z1 | |
| 920 | @a211020@z1 | |
| 920 | @a211050@z1 | |
| 920 | @a237010@z1 | |
| 920 | @a211180@z2 | |
| 920 | @a211060@z1 | |
| 920 | @a223140@z1 | |
| 920 | @a237385@z2 | |
| 920 | @a211260@z1 | |
| 920 | @a211162@z1 | |
| 920 | @a246060@z0 | |
| 920 | @a251430@z2 | |
| 920 | @a246010@z1 | |
| 920 | @a222220@z1 | |
| 920 | @a236010@z2 | |
| 920 | @a241061@z1 | |
| 920 | @a211270@z1 | |
| 920 | @a222020@z2 | |
| 920 | @a221060@z1 | |
| 920 | @a211390@z1 | |
| 920 | @a221020@z1 | |
| 920 | @a251050@z1 | |
| 920 | @a246040@z1 | |
| 920 | @a242010@z1 | |
| 920 | @a261020@z1 | |
| 920 | @a244020@z2 | |
| 920 | @a242120@z2 | |
| 998 | @aECN | |
| Linguistics : : an introduction = 语言学教程 / / Andrew Radford ... [et al.]著 ; 周流溪导读.-北京 : : 外语教学与研究出版社 : : 剑桥大学出版社, , 2000. |
| 31, 443 p. : : ill. ; ; 23 cm.- (当代国外语言学与应用语言学文库) |
| Includes bibliographical references (p. 424-428) and index.-Originally published: Cambridge : |
| ISBN 7560020089 :CNY38.90. |
| ● |
| 相关链接 |
|
|
|
|
正题名:Linguistics
索取号:H0-43/x145
 
预约/预借
| 序号 | 登录号 | 条形码 | 馆藏地/架位号 | 状态 | 备注 |
| 1 | 16801 | 300168011 | 第二样本阅览室/ [索取号:H0-43/x145] | 在馆 | |
| 2 | 16802 | 300168020 | 第四借阅区/ [索取号:H0-43/x145] | 在馆 | |
| 3 | 16803 | 300168039 | 第四借阅区/ [索取号:H0-43/x145] | 在馆 | |
| 4 | 16804 | 300168048 | 第四借阅区/ [索取号:H0-43/x145] | 在馆 | |
| 5 | 16805 | 300168057 | 第四借阅区/ [索取号:H0-43/x145] | 在馆 |